Countries by Exports #2! - Statistics

General Stats
  • This quiz has been taken 14 times
  • The average score is 44 of 50
Answer Stats
Resource Answer % Correct
Food Brazil
100%
Marble Brazil
100%
Food Canada
100%
Paper Canada
100%
Textiles China
100%
Food China
100%
Paper China
100%
Marble China
100%
Sand Egypt
100%
Sand France
100%
Food France
100%
Paper France
100%
Textiles India
100%
Food India
100%
Marble India
100%
Sand Indonesia
100%
Textiles Italy
100%
Paper Italy
100%
Marble Italy
100%
Food United Kingdom
100%
Textiles United States
100%
Sand United States
100%
Food United States
100%
Paper United States
100%
Food Argentina
92%
Marble Argentina
92%
Marble Australia
92%
Textiles Germany
92%
Sand Germany
92%
Food Germany
92%
Paper Germany
92%
Textiles Spain
92%
Marble Spain
92%
Textiles Vietnam
92%
Marble Greece
83%
Sand Netherlands
83%
Food Netherlands
83%
Paper Poland
83%
Textiles Turkey
83%
Marble Turkey
83%
Textiles Bangladesh
75%
Sand Belgium
75%
Sand Malaysia
75%
Paper Sweden
75%
Paper Finland
67%
Textiles Pakistan
67%
Paper Austria
58%
Sand Cambodia
50%
Sand Mozambique
8%
Marble North Macedonia
8%
No matching quizzes found
Score Distribution
Percent of People with Each Score
Percentile by Number Answered
Your Score History
You have not taken this quiz